Machine learning: (Record no. 6645)

MARC details
000 -LEADER
fixed length control field 00835nam a22002417a 4500
003 - CONTROL NUMBER IDENTIFIER
control field OSt
005 - DATE AND TIME OF LATEST TRANSACTION
control field 20220107122856.0
008 - FIXED-LENGTH DATA ELEMENTS--GENERAL INFORMATION
fixed length control field 191030b xxu||||| |||| 00| 0 eng d
020 ## - INTERNATIONAL STANDARD BOOK NUMBER
International Standard Book Number 9783319949888
040 ## - CATALOGING SOURCE
Transcribing agency IIITMK
082 ## - DEWEY DECIMAL CLASSIFICATION NUMBER
Classification number 006.31 DEM/M
100 ## - MAIN ENTRY--PERSONAL NAME
Personal name Mello, Rodrigo Fernandes de
9 (RLIN) 17078
245 ## - TITLE STATEMENT
Title Machine learning:
Remainder of title A practical approach on the statistical learning theory
Statement of responsibility, etc. Rodrigo Fernandes de Mello
260 ## - PUBLICATION, DISTRIBUTION, ETC.
Place of publication, distribution, etc. Switzerland,
Name of publisher, distributor, etc. Springer,
Date of publication, distribution, etc. 2018.
300 ## - PHYSICAL DESCRIPTION
Extent xv, 362p.
650 ## - SUBJECT ADDED ENTRY--TOPICAL TERM
Topical term or geographic name entry element COMPUTER SCIENCE
9 (RLIN) 17321
650 ## - SUBJECT ADDED ENTRY--TOPICAL TERM
Topical term or geographic name entry element MACHINE LEARNING
9 (RLIN) 17322
650 ## - SUBJECT ADDED ENTRY--TOPICAL TERM
Topical term or geographic name entry element STATISTICAL LEARNING
9 (RLIN) 17323
650 ## - SUBJECT ADDED ENTRY--TOPICAL TERM
Topical term or geographic name entry element ALGORITHMS
9 (RLIN) 17324
700 ## - ADDED ENTRY--PERSONAL NAME
Personal name Ponti, Moacir Antonelli
9 (RLIN) 17079
856 ## - ELECTRONIC LOCATION AND ACCESS
Uniform Resource Identifier <a href="https://www.pdfdrive.com/machine-learning-a-practical-approach-on-the-statistical-learning-theory-d176184450.html">https://www.pdfdrive.com/machine-learning-a-practical-approach-on-the-statistical-learning-theory-d176184450.html</a>
942 ## - ADDED ENTRY ELEMENTS (KOHA)
Source of classification or shelving scheme Dewey Decimal Classification
Koha item type Books
Holdings
Withdrawn status Lost status Source of classification or shelving scheme Damaged status Not for loan Collection code Home library Current library Shelving location Date acquired Cost, normal purchase price Total Checkouts Total Renewals Full call number Barcode Date last seen Date last checked out Price effective from Koha item type
    Dewey Decimal Classification     Machine Learning/ Deep Learning Kerala University of Digital Sciences, Innovation and Technology Knowledge Centre Kerala University of Digital Sciences, Innovation and Technology Knowledge Centre Computer Science 30/10/2019 4686.00 3 1 006.31 DEM/M 5557 01/12/2025 26/11/2025 30/10/2019 Books